00423nam a2200157Ia 4500003000400000008004100004040001600045082002300061100002100084245004400105700002400149260004700173300000900220650001300229650002300242GCL140319s9999 xx 000 0 eng d aGCL / cGCL04aCHb599.74428bC M1 aCLAYBOURNE, ANNE10aMOUNTAIN WILD LIFE / cCLAYBOURNE, ANNE1 aCUNNINGHAM, ANTONIA a[S.N] : bOSBORNE PUBLISHING LTD ، c1994 a32 P04aCHILDREN04aZOOLOGY - SCIENCES